Karl und Anna
Guardado en:
| Hovedforfatter: | |
|---|---|
| Format: | Bog |
| Sprog: | Undetermined |
| Udgivet: |
Berlín, Alemania
Verlag
1926
|
| Fag: | |
| Tags: |
Tilføj Tag
Ingen Tags, Vær først til at tagge denne postø!
|
MARC
| LEADER | 00000nam a2200000Ia 4500 | ||
|---|---|---|---|
| 008 | 170316s9999 xx 000 0 und d | ||
| 040 | |a cru BVZT | ||
| 090 | |a 830 F-2k | ||
| 100 | |a Frank, Leonhard | ||
| 245 | |a Karl und Anna | ||
| 260 | |a Berlín, Alemania | ||
| 260 | |b Verlag | ||
| 260 | |c 1926 | ||
| 300 | |a 174 páginas | ||
| 650 | |a LITERATURA ALEMANA | ||
| 999 | |c 7310 |d 7310 | ||
| 942 | |c 15 D |h 830 F-2k |2 z | ||
